Catalog

Record Details

Catalog Search



Aufbruch der Evangelikalen  Cover Image Book Book

Aufbruch der Evangelikalen / Fritz Laubach

Laubach, Fritz (Author).

Record details

  • Physical Description: 123 S.
  • Publisher: Wuppertal R. Brockhaus Verlag 1972

Available copies

  • 1 of 1 copy available at Common Catalog SPOK.

Holds

  • 0 current holds with 1 total copy.
Show Only Available Copies
Location Call Number / Copy Notes Barcode Shelving Location Status Due Date
ETS Library 270.82 424470002539 Volný výběr Available -

LDR 00594nam a2 00229
00140758
003CZ-PrJAB
00520030506000000.0
008030409s1972 xr e |||| |ger
009ge
035 . ‡a(CONS)456
035 . ‡aKPS11399
040 . ‡aABG450
041 . ‡ager
08214. ‡a270.82
100 . ‡72020 ‡aLaubach, Fritz
245 . ‡aAufbruch der Evangelikalen / ‡cFritz Laubach
260 . ‡aWuppertal ‡bR. Brockhaus Verlag ‡c1972
300 . ‡a123 S.
653 . ‡aAufbruch der Evangelikalen
8524 . ‡bETS ‡bETS ‡cVolný výběr ‡j270.82 ‡gA ‡p424470002539
910 . ‡aABG450
999 . ‡a456 ‡bAUTOGEN ‡c456 ‡tbiblio
905 . ‡uadmin
901 . ‡a40758 ‡b ‡c40758 ‡tbiblio ‡sets

Additional Resources